000 00885nam a2200217 a 4500
001 000026874
003 DO-SdBNP
005 20250701122622.0
008 110328s2003 dr ac f001 0 spa d
040 _aDO-SdBNP
_bspa
_cBNPHU
082 _a378.7293
_bR426g
110 1 _aRepública Dominicana.
_bSecretaría de Estado de Educación Superior, Ciencia y Tecnología
_918778
245 1 0 _aGestión tercer año :
_bagosto 2002 - julio 2003.
260 _aSanto Domingo :
_bSEESCYT,
_c2003.
_fImpresión Prensa Dorada
300 _a52 p. :
_bil., gráfcs., retrs. ;
_c28 cm.
590 _aInventariado, 2018/ YL
650 4 _aEducación superior
_zRepública Dominicana
_99410
_vCorrespondencias, memorias, etc.
650 4 _aPolítica de educacion superior
_zRepública Dominicana
_99411
_vCorrespondencia, memorias, etc.
910 _aValidado. Control de calidad EMS
942 _2ddc
_cLBS1
999 _c26366
_d26366